| 000 | 00813nam a2200205Ia 4500 | ||
|---|---|---|---|
| 003 | GCL | ||
| 008 | 140319s9999 xx 000 0 ara d | ||
| 040 |
_aGCL / _cGCL |
||
| 082 | 0 | 4 |
_a256 _bا ك |
| 100 | 1 | _aابن قيم الجوزية: شمس الدين ابو عبدالله محمد بن ابى بكر | |
| 245 | 1 | 0 |
_aكتاب الجهاد فى سبيل الله للامام ابن القيم / _cابن قيم الجوزية: شمس الدين ابو عبدالله محمد بن ابى بكر |
| 260 |
_a[S.N] : _bمركز الكتاب للنشر ، _c1991 |
||
| 300 | _a69 ص | ||
| 490 | _a | ||
| 650 | 0 | 4 | _aالسيرة النبوية |
| 650 | 0 | 4 | _aالجهاد فى الاسلام |
| 650 | 0 | 4 | _aعصر الجهاد فى سبيل نشر الدعوة |
| 650 | 0 | 4 | _aالقتال |
| 942 |
_2ddc _cBK |
||
| 999 |
_c46607 _d46607 |
||